| 000 | 00492nam a2200181Ia 4500 | ||
|---|---|---|---|
| 008 | 240925s9999 xx 000 0 und d | ||
| 020 | _a1568301979 | ||
| 082 | _a004.67 ENG | ||
| 100 | _aEngst ,Adam C. | ||
| 245 | 0 | _aInternet Starter Kit for Macintosh | |
| 250 | _a3rd | ||
| 260 |
_aIndiana: _bHaydon Books _c,1995. |
||
| 300 |
_a658p. _bNA _fPhotocopy |
||
| 500 | _aIncludes Index | ||
| 600 | _aComputer Science | ||
| 650 | _aComputer science, information & general works | ||
| 942 | _cBK | ||
| 999 |
_c6232 _d6232 |
||